000 01212nam a2200253Ia 4500
001 ebr10068437
003 CaPaEBR
006 m u
007 cr cn|||||||||
008 040817s2002 dcu s 000 0 eng d
020 _z0309084822
040 _aCaPaEBR
_cCaPaEBR
035 _a(OCoLC)567808273
050 1 4 _aT57.62
_b.M64 2002eb
245 0 0 _aModeling and simulation in manufacturing and defense acquisition
_h[electronic resource] :
_bpathways to success /
_cCommittee on Modeling and Simulation Enhancements for 21st Century Manufacturing and Acquisition, Board on Manufacturing and Engineering Design, Division on Engineering and Physical Sciences.
260 _aWashington, D.C. :
_bNational Academies Press,
_cc2002.
300 _axiv, 183 p.
533 _aElectronic reproduction.
_bPalo Alto, Calif. :
_cebrary,
_d2009.
_nAvailable via World Wide Web.
_nAccess may be limited to ebrary affiliated libraries.
650 0 _aSimulation methods.
651 0 _aUnited States
_xArmed Forces.
655 7 _aElectronic books.
_2local
710 2 _aebrary, Inc.
856 4 0 _uhttp://site.ebrary.com/lib/rucke/Doc?id=10068437
_zAn electronic book accessible through the World Wide Web; click to view
999 _c41581
_d41581